|
|
|
|
| LEADER |
00870cam a2200229 a 4500 |
| 001 |
0000097973 |
| 005 |
20080716090000.0 |
| 040 |
|
|
|a mod
|
| 041 |
|
|
|a eng
|
| 020 |
0 |
0 |
|a 1560064714
|
| 090 |
0 |
0 |
|a 345.73056
|b HOG
|e 1999
|
| 100 |
1 |
0 |
|a Hogrogian
|h John G.
|
| 245 |
1 |
0 |
|a Miranda vs. Arizona
|b the rights of the accused
|c by John Hogrogian.
|
| 260 |
0 |
0 |
|a San Diego, CA
|b Lucent Books
|c 1999.
|
| 300 |
|
|
|a 112 p.
|b ill.
|c 24 cm.
|
| 440 |
0 |
0 |
|a Famous trials
|
| 504 |
0 |
0 |
|a Includes bibliographical references (p. 105-107) and index.
|
| 600 |
0 |
0 |
|a Miranda, Ernesto
|x Trials, litigation, etc.
|x Juvenile literature.
|
| 650 |
0 |
0 |
|a Right to counsel
|z United States
|x Juvenile literature.
|
| 650 |
0 |
0 |
|a Confession (Law)
|z United States
|x Juvenile literature.
|
| 650 |
0 |
0 |
|a Police questioning
|z United States
|x Juvenile literature.
|
| 999 |
|
|
|a 0269383
|b PUSASDA
|d BOOKS
|e Umum
|f PUSASDA
|j AVAILABLE
|q GOOD CONDITION
|